the ecology of insect populations in theory and practice / (Record no. 1317)

MARC details
000 -LEADER
fixed length control field 00737nam a22002537a 4500
001 - CONTROL NUMBER
control field BD-DhSAU 1317
003 - CONTROL NUMBER IDENTIFIER
control field BD-DhSAU
005 - DATE AND TIME OF LATEST TRANSACTION
control field 20150114124413.0
008 - FIXED-LENGTH DATA ELEMENTS--GENERAL INFORMATION
fixed length control field 150114b1967 enka|||| |||| 001 0 eng d
020 ## - INTERNATIONAL STANDARD BOOK NUMBER
International Standard Book Number 041221170x
040 ## - CATALOGING SOURCE
Original cataloging agency BD-DhSAU
082 ## - DEWEY DECIMAL CLASSIFICATION NUMBER
Edition number 22
Classification number 595.705
Item number CLE
100 ## - MAIN ENTRY--PERSONAL NAME
Personal name L.R. Clark [et. al. ]
245 ## - TITLE STATEMENT
Title the ecology of insect populations in theory and practice
Statement of responsibility, etc. by Clark, L.R. ,P.W. Geier ,R.D. Hughes ,R.F. Morris
260 ## - PUBLICATION, DISTRIBUTION, ETC. (IMPRINT)
Place of publication, distribution, etc. London :
Name of publisher, distributor, etc. Chapman & hall ltd. ;
Date of publication, distribution, etc. c1967.
300 ## - PHYSICAL DESCRIPTION
Extent xiii, 232 p.:
Other physical details ill. ;
Dimensions 21 cm.
504 ## - BIBLIOGRAPHY, ETC. NOTE
Bibliography, etc Includes index
590 ## - Name of Cataloguer
Name of Cataloger IMRAN
650 ## - SUBJECT ADDED ENTRY--TOPICAL TERM
Topical term or geographic name as entry element Entomology
650 ## - SUBJECT ADDED ENTRY--TOPICAL TERM
Topical term or geographic name as entry element Ecology of insect
700 ## - ADDED ENTRY--PERSONAL NAME
Personal name Geier, P.W.
700 ## - ADDED ENTRY--PERSONAL NAME
Personal name Hughes, R.D.
700 ## - ADDED ENTRY--PERSONAL NAME
Personal name Morris, R.F.
942 ## - ADDED ENTRY ELEMENTS (KOHA)
Source of classification or shelving scheme Dewey Decimal Classification
Koha item type Book
Holdings
Withdrawn status Lost status Source of classification or shelving scheme Damaged status Not for loan Home library Branch Name Shelving location Date acquired Total Checkouts Full call number Barcode Date last seen Date checked out Price effective from Koha item type Collection code
    Dewey Decimal Classification     SAU Library SAU Library General Stacks 16/05/1985 4 595.705 CLE 9736 04/06/2017 04/06/2017 14/01/2015 Book  
    Dewey Decimal Classification     SAU Library SAU Library General Stacks 16/05/1985   595.705 CLE 9735 14/01/2015   14/01/2015 Book  
    Dewey Decimal Classification     SAU Library SAU Library General Stacks 16/05/1985   595.705 CLE 9738 14/01/2015   14/01/2015 Book  
    Dewey Decimal Classification     SAU Library SAU Library General Stacks 16/05/1985   595.705 CLE 9737 14/01/2015   14/01/2015 Book  
    Dewey Decimal Classification     SAU Library SAU Library General Stacks 03/10/1978   595.705 CLE 1249 15/01/2015   15/01/2015 Book  
    Dewey Decimal Classification   Not For Loan SAU Library SAU Library Reference 17/05/2015   595.705 CLE 9734 17/05/2015   17/05/2015 Book Reference